000 00583cam a2200217ua 4500
001 11853
005 20260515114816.0
008 191113n xxk |||gr||||Z||||||eng
020 _a9780198828235
040 _cMAIN
082 _a821.7
100 _a Richard Gravil,
_eEditor.,
245 _aThe oxford handbook of William Wordsworth
_cEdited by Richard Gravil
250 _a1st ed.
260 _aLondon:
_bOxford University Press,
_c2015.
300 _a868p.
653 _aEnglish poetry
653 _aWilliam Wordsworth
700 _aDaniel Robinson,
_eEditor.
942 _cBK
999 _c10634
_d10634